000 00588nam a22001817a 4500
003 UA-OsUOA
001 13907
007 ta
008 20030701b un ||||| |||| 00| 0 ukr d
100 _aГрабоус В.
942 _cSA
040 _aUA-OsUOA
_cUA-OsUOA
_dUA-OsUOA
245 _aУ краю поліськім , де обійстя рідне: [ Про рівнен. поета, дир. ЗОШ N28 І.С.Віднічука ]
300 _aС.7
955 _a0
773 0 _w0
_tВільне слово
_dРівне
_d2003
_g№49/25 черв./
650 7 _aВіднічук І.С.
_2UDC
999 _c300068
_d300068